| 000 | 01195nas a2200241 a 4500 | ||
|---|---|---|---|
| 001 | 29082 | ||
| 003 | AR-BaAGN | ||
| 005 | 20231116150001.0 | ||
| 007 | ta | ||
| 008 | 220701s1951 ag |||p|r||||f|||||0spa d | ||
| 040 |
_aAR-BaAGN _bspa _eaacr |
||
| 110 | 2 |
_aMinisterio de Finanzas de la Nación. _bCaja Nacional de Ahorro Postal. |
|
| 245 | 1 | 0 | _aAhorro. |
| 260 |
_aBuenos Aires : _bPeuser, _c1951. |
||
| 300 |
_a48 páginas : _bil., fotos |
||
| 310 | _aMensual | ||
| 336 |
_2rdacontent _btxt |
||
| 337 |
_2rdamedia _bn |
||
| 338 |
_2rdacarrier _bnc |
||
| 520 | _aAntártida Argentina: nueva ruta para la ciencia. Una previsión completa: [Tomás Alva Edison a los 81 años solicitaba seguro de vida a favor de su esposa]. La casa de mi madre… (Sarmiento). Obra constructiva: [Economía y ahorro en el gobierno del Gral. Perón]. Expresión de una época: [el Pulqui II, instrumento de la Aeronáutica]. Lo que enseñan los sellos postales. Las praderas argentinas se extienden al mundo. El carnaval en los Valles Calchaquíes. Mimbre: riqueza del Delta. Temas para las clases de Ahorro y Previsión: perfeccionamiento obrero. De la planta al tejido | ||
| 942 | _cREVISTA | ||
| 999 |
_c29082 _d29082 |
||